[Event "Titled Tuesday intern op 04th Mar Early"]
[Site "Chess.com INT"]
[Date "2025.03.04"]
[Round "3"]
[White "Alivodic, Dario"]
[Black "Dowgird, Filip"]
[Result "0-1"]
[WhiteElo "2175"]
[BlackElo "2348"]
[PlyCount "111"]
[EventDate "2025.03.04"]
[EventType "swiss (blitz)"]
[EventRounds "11"]
[EventCountry "USA"]
[SourceTitle "CB11_2025"]
[SourceDate "2025.03.12"]
[SourceVersion "1"]
[SourceVersionDate "2025.03.12"]
[SourceQuality "1"]

1. d4 Nf6 2. c4 Nc6 3. Nc3 e5 4. d5 Ne7 5. e4 Ng6 6. Be3 Bb4 7. f3 Bxc3+ 8. bxc3 d6 9. h4 h6 10. h5 Nf8 11. g4 N8d7 12. Ne2 Nc5 13. Ng3 c6 14. Bd3 Qa5 15. Qc2 cxd5 16. exd5 Bd7 17. Bf5 Ba4 18. Qd2 Bb3 19. Bxc5 dxc5 20. Bd3 Ba4 21. 0-0 Bd7 22. Bf5 0-0-0 23. Bxd7+ Rxd7 24. Ne4 Nxe4 25. fxe4 Qa4 26. Qe2 f6 27. Rfb1 Kb8 28. Rb2 Rc8 29. Rab1 Rcc7 30. Kg2 Rd6 31. Kg3 Qe8 32. Qe3 b6 33. Rb5 Kc8 34. a4 g6 35. hxg6 Qxg6 36. a5 h5 37. Qf3 Kb7 38. axb6 axb6 39. Qf5 Qxg4+ 40. Qxg4 hxg4 41. Kxg4 Rg7+ 42. Kf3 Rh7 43. Rxc5 Rh3+ 44. Kg4 Rxc3 45. Kf5 Rf3+ 46. Kg6 f5+ 47. Kf7 fxe4+ 48. Ke7 Rff6 49. Rc6 Rxc6 50. dxc6+ Rxc6 51. Rb5 Rc5 52. Rb4 e3 53. Ke6 Kc6 54. Rb1 Rxc4 55. Re1 Re4 56. Kf5 0-1

[Event "Titled Tuesday intern op 04th Mar Early"]
[Site "Chess.com INT"]
[Date "2025.03.04"]
[Round "1"]
[White "Dowgird, Filip"]
[Black "Bolashakov, Nurali"]
[Result "1-0"]
[WhiteElo "2348"]
[BlackElo "2035"]
[PlyCount "105"]
[EventDate "2025.03.04"]
[EventType "swiss (blitz)"]
[EventRounds "11"]
[EventCountry "USA"]
[SourceTitle "CB11_2025"]
[SourceDate "2025.03.12"]
[SourceVersion "1"]
[SourceVersionDate "2025.03.12"]
[SourceQuality "1"]

1. Nf3 Nf6 2. g3 b6 3. Bg2 Bb7 4. 0-0 e6 5. d3 Be7 6. Nbd2 0-0 7. e4 d6 8. Re1 Nbd7 9. b3 e5 10. a4 a5 11. Nc4 Ba6 12. Ne3 g6 13. Bb2 Re8 14. Rf1 Bf8 15. Nd2 Bg7 16. Kh1 Rf8 17. Rb1 Bb7 18. f4 Qe7 19. Ndc4 Rfd8 20. fxe5 dxe5 21. Rf2 h5 22. Qf3 Qe6 23. Rbf1 Ba6 24. Nd2 Rf8 25. h3 Rad8 26. Qd1 c6 27. Qa1 Rfe8 28. Nec4 Bf8 29. Nxe5 Nxe5 30. Rxf6 Qe7 31. Bxe5 Qxe5 32. Qxe5 Rxe5 33. Rxf7 Rg5 34. R7f3 Bd6 35. Rf6 Rxg3 36. e5 Bxe5 37. Ne4 Bxf6 38. Rxf6 Kg7 39. Rxc6 Rxg2 40. Kxg2 Rb8 41. Kf2 Rf8+ 42. Kg3 Rb8 43. h4 Bb7 44. Rxb6 Kf7 45. Rxb7+ Rxb7 46. Nd6+ Ke6 47. Nxb7 Kd5 48. Nxa5 Kc5 49. c3 Kb6 50. Nc4+ Kc5 51. Kf4 Kd5 52. Kg5 Kc5 53. Kxg6 1-0

[Event "Titled Tuesday intern op 25th Feb Early"]
[Site "Chess.com INT"]
[Date "2025.02.25"]
[Round "2"]
[White "Pein, Jonathan"]
[Black "Dowgird, Filip"]
[Result "1/2-1/2"]
[WhiteElo "2272"]
[BlackElo "2348"]
[PlyCount "95"]
[EventDate "2025.02.25"]
[EventType "swiss (blitz)"]
[EventRounds "11"]
[EventCountry "USA"]
[SourceTitle "CB10_2025"]
[SourceDate "2025.03.05"]
[SourceVersion "1"]
[SourceVersionDate "2025.03.05"]
[SourceQuality "1"]

1. e4 d6 2. g3 Nf6 3. Bg2 e5 4. Ne2 Be7 5. 0-0 0-0 6. d4 Nbd7 7. c4 c6 8. Nbc3 a6 9. h3 b5 10. d5 Bb7 11. dxc6 Bxc6 12. cxb5 axb5 13. Nd5 Bxd5 14. exd5 b4 15. Be3 Qb8 16. a3 bxa3 17. bxa3 Rc8 18. Qd2 Bd8 19. Rfb1 Qc7 20. a4 Qa5 21. Qd3 Nc5 22. Qb5 h6 23. Bxc5 Rxc5 24. Qxa5 Bxa5 25. Rb5 Nd7 26. Nc1 Bc3 27. Ra2 Rxa4 28. Rxc5 Nxc5 29. Rxa4 Nxa4 30. Nb3 Kf8 31. Kf1 Ke7 32. Ke2 Bb4 33. Kd3 Bc5 34. f4 Bf2 35. fxe5 dxe5 36. g4 Kd6 37. Nd2 Nc5+ 38. Kc4 Be3 39. Ne4+ Nxe4 40. Bxe4 g6 41. Bd3 Ba7 42. Be4 Bb8 43. Bd3 Ba7 44. Be4 Bf2 45. Bd3 Ke7 46. Be4 Ba7 47. Kb5 Kd6 48. Kc4 1/2-1/2

[Event "Titled Tuesday intern op 11th Feb Early"]
[Site "Chess.com INT"]
[Date "2025.02.11"]
[Round "5"]
[White "Dowgird, Filip"]
[Black "Aalto, Patrik"]
[Result "0-1"]
[WhiteElo "2348"]
[BlackElo "2287"]
[PlyCount "102"]
[EventDate "2025.02.11"]
[EventType "swiss (blitz)"]
[EventRounds "11"]
[EventCountry "USA"]
[SourceTitle "CB08_2025"]
[SourceDate "2025.02.19"]
[SourceVersion "1"]
[SourceVersionDate "2025.02.19"]
[SourceQuality "1"]

1. d4 Nf6 2. Bg5 c5 3. Bxf6 gxf6 4. c3 d5 5. e3 Nc6 6. Nf3 Bf5 7. Nbd2 e6 8. a3 Bd6 9. b4 cxd4 10. cxd4 0-0 11. Be2 Rc8 12. 0-0 Qe7 13. Qb3 Rc7 14. Rfc1 Rfc8 15. Qb2 Nd8 16. Bd1 Rxc1 17. Rxc1 Rxc1 18. Qxc1 Qc7 19. Qb2 Nc6 20. g3 b6 21. Ba4 Ne7 22. Ne1 a6 23. Bd1 Bg6 24. Be2 a5 25. Bb5 axb4 26. axb4 Nc6 27. Bxc6 Qxc6 28. b5 Qc7 29. Kf1 Kg7 30. Ke2 e5 31. Nd3 Bh5+ 32. Ke1 Bg4 33. dxe5 fxe5 34. Nf4 d4 35. Nd5 Qc5 36. e4 d3 37. Ne3 Be6 38. Nf3 f6 39. Nh4 Qb4+ 40. Qxb4 Bxb4+ 41. Kf1 Bd7 42. Nhf5+ Kf7 43. Nd5 Bxb5 44. Nfe3 d2+ 45. Kg2 Bc5 46. Nd1 Ba4 47. N5c3 Bc6 48. f3 b5 49. Kf1 b4 50. Nb1 Bb5+ 51. Kg2 Be2 0-1

[Event "Titled Tuesday intern op 11th Feb Early"]
[Site "Chess.com INT"]
[Date "2025.02.11"]
[Round "1"]
[White "Fikiet, Alex M"]
[Black "Dowgird, Filip"]
[Result "1-0"]
[WhiteElo "2151"]
[BlackElo "2348"]
[PlyCount "91"]
[EventDate "2025.02.11"]
[EventType "swiss (blitz)"]
[EventRounds "11"]
[EventCountry "USA"]
[SourceTitle "CB09_2025"]
[SourceDate "2025.02.27"]
[SourceVersion "1"]
[SourceVersionDate "2025.02.27"]
[SourceQuality "1"]

1. e4 d6 2. d4 Nf6 3. Nc3 c6 4. f4 Qa5 5. Bd2 e5 6. Nf3 exd4 7. Nxd4 Qb6 8. Nb3 g6 9. h3 Bg7 10. Qf3 0-0 11. Bd3 Nbd7 12. Be3 Qc7 13. 0-0 b5 14. a3 Bb7 15. Rae1 a6 16. g4 c5 17. g5 Nh5 18. Be2 Rae8 19. Nd5 Bxd5 20. exd5 Bxb2 21. f5 Ne5 22. Qf2 Ng7 23. f6 Nf5 24. Rb1 Bc3 25. Bd2 Bxd2 26. Nxd2 h6 27. Bg4 Ne3 28. Qh4 N5xg4 29. hxg4 Qc8 30. Rf4 h5 31. gxh5 Re5 32. Nf3 Rxd5 33. hxg6 Nf5 34. Qh2 fxg6 35. Re1 Rf7 36. Nh4 Nd4 37. Nxg6 Rh7 38. Ne7+ Rxe7 39. fxe7 Rxg5+ 40. Kh1 Qe8 41. Rf8+ Qxf8 42. exf8Q+ Kxf8 43. Qh6+ Rg7 44. Rf1+ Kg8 45. Qxd6 Nf3 46. Rxf3 1-0

[Event "Titled Tuesday intern op 04th Feb Early"]
[Site "Chess.com INT"]
[Date "2025.02.04"]
[Round "1"]
[White "Dowgird, Filip"]
[Black "Jacobsen, Mikkel Manosri"]
[Result "1-0"]
[WhiteElo "2348"]
[BlackElo "2314"]
[PlyCount "91"]
[EventDate "2025.02.04"]
[EventType "swiss (blitz)"]
[EventRounds "11"]
[EventCountry "USA"]
[SourceTitle "CB07_2025"]
[SourceDate "2025.02.12"]
[SourceVersion "1"]
[SourceVersionDate "2025.02.12"]
[SourceQuality "1"]

1. d4 d5 2. Bf4 c5 3. e3 cxd4 4. exd4 Nc6 5. c3 f6 6. Nf3 g5 7. Bg3 Nh6 8. Bd3 Bf5 9. 0-0 Qd7 10. Re1 0-0-0 11. a4 e6 12. a5 Bxd3 13. Qxd3 Nf5 14. Nbd2 h5 15. h4 Nxg3 16. fxg3 Bd6 17. Nf1 gxh4 18. gxh4 Rdg8 19. a6 b6 20. Re2 Rg4 21. Rae1 Rhg8 22. Qb5 Nd8 23. Qxd7+ Kxd7 24. Ne3 Re4 25. Nd1 Rxe2 26. Rxe2 Bg3 27. b3 Rg4 28. c4 Bxh4 29. Nc3 dxc4 30. bxc4 Bg3 31. Nb5 Bb8 32. Kf2 h4 33. Nd2 Nc6 34. Re4 Bg3+ 35. Kf3 Rg8 36. d5 exd5 37. cxd5 Ne5+ 38. Ke2 Ra8 39. Nc4 Nxc4 40. Rxc4 f5 41. Kf3 Re8 42. Rc6 Re1 43. Nxa7 Rf1+ 44. Ke2 Rf2+ 45. Ke3 Rxg2 46. Rh6 1-0

[Event "Titled Tuesday intern op 14th Jan Early"]
[Site "Chess.com INT"]
[Date "2025.01.14"]
[Round "7"]
[White "Bryakin, Mikhail"]
[Black "Dowgird, Filip"]
[Result "0-1"]
[WhiteElo "2426"]
[BlackElo "2348"]
[PlyCount "80"]
[EventDate "2025.01.14"]
[EventType "swiss (blitz)"]
[EventRounds "11"]
[EventCountry "USA"]
[SourceTitle "CB04_2025"]
[SourceDate "2025.01.22"]
[SourceVersion "1"]
[SourceVersionDate "2025.01.22"]
[SourceQuality "1"]

1. Nf3 d6 2. d4 Nf6 3. Bf4 Nbd7 4. h3 h6 5. e3 g5 6. Bh2 Bg7 7. Be2 e6 8. Nbd2 Qe7 9. c4 b6 10. Rc1 Bb7 11. Qc2 0-0 12. 0-0 a6 13. Ne1 Rac8 14. Bf3 Bxf3 15. Nexf3 Ne8 16. b4 f5 17. a4 c5 18. dxc5 dxc5 19. b5 a5 20. Ne1 e5 21. e4 f4 22. g4 h5 23. Qd1 hxg4 24. hxg4 Rf6 25. Kg2 Nf8 26. Rh1 Ne6 27. Ndf3 Rd8 28. Qe2 Nd4 29. Nxd4 exd4 30. Nd3 f3+ 31. Qxf3 Rxf3 32. Kxf3 Nd6 33. Bxd6 Qxd6 34. Kg2 Kf7 35. f3 Kg6 36. Rce1 Qe6 37. Rc1 Rh8 38. Rxh8 Bxh8 39. Rh1 Qxc4 40. Nf2 Be5 0-1

[Event "Titled Tuesday intern op 14th Jan Early"]
[Site "Chess.com INT"]
[Date "2025.01.14"]
[Round "5"]
[White "Dowgird, Filip"]
[Black "Iniyan, Panneerseluam"]
[Result "1/2-1/2"]
[WhiteElo "2348"]
[BlackElo "2508"]
[PlyCount "142"]
[EventDate "2025.01.14"]
[EventType "swiss (blitz)"]
[EventRounds "11"]
[EventCountry "USA"]
[SourceTitle "CB04_2025"]
[SourceDate "2025.01.22"]
[SourceVersion "1"]
[SourceVersionDate "2025.01.22"]
[SourceQuality "1"]

1. d4 Nf6 2. Nf3 g6 3. Bf4 Bg7 4. e3 d6 5. h3 0-0 6. Be2 Nfd7 7. Bh2 e5 8. 0-0 Nc6 9. c3 f5 10. b4 Kh8 11. a4 h6 12. a5 a6 13. Nbd2 g5 14. dxe5 dxe5 15. Nc4 Qe7 16. Nfd2 e4 17. Qc2 Nf6 18. Rad1 Nd5 19. Nxe4 Ndxb4 20. cxb4 fxe4 21. Qb1 Be6 22. b5 Bxc4 23. Bxc4 Nxa5 24. Bd5 axb5 25. Bxe4 Nc4 26. Bxb7 Rab8 27. Bd5 Nd6 28. Rc1 b4 29. Bb3 Nb5 30. Qd3 Nc3 31. Rc2 Rbd8 32. Qc4 c5 33. h4 gxh4 34. Bf4 h3 35. gxh3 Qh4 36. Kh2 Rd4 37. Qe6 Rdxf4 38. exf4 Qxf4+ 39. Kh1 Be5 40. f3 Qg3 41. Rg2 Rxf3 42. Qg8+ Qxg8 43. Rxg8+ Kh7 44. Rxf3 Ne4 45. Rg2 Ng5 46. Bc2+ Kh8 47. Rf8+ Kg7 48. Rc8 Kf6 49. Rxc5 Nxh3 50. Rc6+ Kf7 51. Rxh6 Nf4 52. Bb3+ Ke7 53. Rgg6 Nxg6 54. Rxg6 Kd7 55. Rg5 Bf6 56. Rf5 Bc3 57. Kg2 Kd6 58. Kf3 Bd4 59. Ke4 Bc3 60. Rh5 Ke7 61. Kf5 Kd6 62. Rh6+ Kc5 63. Ke4 Bd2 64. Rh8 Bc3 65. Rd8 Kc6 66. Bd5+ Kc7 67. Ra8 Kd6 68. Bc4 Kc5 69. Ra5+ Kxc4 70. Ra4 Kb3 71. Rxb4+ Bxb4 1/2-1/2

[Event "Titled Tuesday intern op 14th Jan Early"]
[Site "Chess.com INT"]
[Date "2025.01.14"]
[Round "3"]
[White "Durarbayli, Vasif"]
[Black "Dowgird, Filip"]
[Result "0-1"]
[WhiteElo "2614"]
[BlackElo "2348"]
[PlyCount "80"]
[EventDate "2025.01.14"]
[EventType "swiss (blitz)"]
[EventRounds "11"]
[EventCountry "USA"]
[SourceTitle "CB04_2025"]
[SourceDate "2025.01.22"]
[SourceVersion "1"]
[SourceVersionDate "2025.01.22"]
[SourceQuality "1"]

1. e4 d6 2. d4 Nf6 3. Nc3 c6 4. Be3 Qb6 5. a3 Ng4 6. Bc1 e5 7. Nf3 Nd7 8. h3 Ngf6 9. Be3 Qc7 10. Bc4 Be7 11. Ba2 0-0 12. 0-0 b5 13. Nh4 Nb6 14. Qf3 Ne8 15. Nf5 Bxf5 16. Qxf5 g6 17. Qf3 Ng7 18. d5 cxd5 19. Bxb6 Qxb6 20. Nxd5 Qb7 21. Rad1 Rac8 22. Rd2 Bg5 23. Re2 Kh8 24. Qg3 Bd8 25. f4 f5 26. fxe5 Nh5 27. Qh2 Bb6+ 28. Kh1 fxe4 29. Rd1 Qf7 30. g4 Qf3+ 31. Qg2 Ng3+ 32. Kh2 Nxe2 33. e6 Bg1+ 34. Rxg1 Nxg1 35. e7 Rfe8 36. Kxg1 Qxg2+ 37. Kxg2 Rxc2+ 38. Kg3 Rxb2 39. Nf6 Rxe7 40. Bd5 e3 0-1

[Event "Titled Tuesday intern op 17th Sep Early"]
[Site "Chess,com INT"]
[Date "2024.09.17"]
[Round "2"]
[White "Dowgird, Filip"]
[Black "Samunenkov, Igor"]
[Result "0-1"]
[WhiteElo "2348"]
[BlackElo "2533"]
[PlyCount "50"]
[EventDate "2024.09.17"]
[EventType "swiss (blitz)"]
[EventRounds "11"]
[EventCountry "USA"]
[SourceTitle "EXT 2025"]
[Source "ChessBase"]
[SourceDate "2024.10.14"]
[SourceVersion "1"]
[SourceVersionDate "2024.10.14"]
[SourceQuality "1"]

1. d4 d5 2. Bf4 c5 3. e3 Nc6 4. c3 Bf5 5. Nd2 e6 6. Ngf3 a6 7. h3 h6 8. Be2 Nf6 9. 0-0 Be7 10. Ne5 0-0 11. a4 Nxe5 12. dxe5 Nd7 13. Bg4 Bd3 14. Re1 Qb6 15. b3 Rad8 16. Qf3 f5 17. exf6 Bxf6 18. a5 Qc6 19. e4 Bxc3 20. Qxd3 Bxa1 21. exd5 exd5 22. Be6+ Kh8 23. Bxh6 gxh6 24. Bxd7 Qf6 25. Nf3 Rxd7 0-1

[Event "Titled Tuesday intern op 17th Sep Late"]
[Site "Chess,com INT"]
[Date "2024.09.17"]
[Round "2"]
[White "Stoimenidis, Dimitrios"]
[Black "Dowgird, Filip"]
[Result "1-0"]
[WhiteElo "2231"]
[BlackElo "2348"]
[PlyCount "55"]
[EventDate "2024.09.17"]
[EventType "swiss (blitz)"]
[EventRounds "11"]
[EventCountry "USA"]
[SourceTitle "EXT 2025"]
[Source "ChessBase"]
[SourceDate "2024.10.14"]
[SourceVersion "1"]
[SourceVersionDate "2024.10.14"]
[SourceQuality "1"]

1. e4 d6 2. d4 Nf6 3. Nc3 c6 4. Nge2 Nbd7 5. g3 e5 6. Bg2 Be7 7. 0-0 0-0 8. h3 b5 9. a3 a5 10. Be3 Bb7 11. d5 cxd5 12. Nxd5 Nxd5 13. exd5 Bg5 14. Bxg5 Qxg5 15. Nc3 b4 16. axb4 axb4 17. Ne4 Qe7 18. Rxa8 Rxa8 19. g4 Nb6 20. Ng3 g6 21. Qd2 Qc7 22. Rd1 Qc4 23. Ne4 Rd8 24. Qh6 Nd7 25. g5 Qxc2 26. Nf6+ Nxf6 27. gxf6 Qxd1+ 28. Kh2 1-0

[Event "Titled Tuesday intern op 10th Sep Early"]
[Site "Chess,com INT"]
[Date "2024.09.10"]
[Round "6"]
[White "Dowgird, Filip"]
[Black "Gabdushev, Ruslan"]
[Result "1/2-1/2"]
[WhiteElo "2348"]
[BlackElo "2256"]
[PlyCount "222"]
[EventDate "2024.09.10"]
[EventType "swiss (blitz)"]
[EventRounds "11"]
[EventCountry "USA"]
[SourceTitle "EXT 2025"]
[Source "ChessBase"]
[SourceDate "2024.10.14"]
[SourceVersion "1"]
[SourceVersionDate "2024.10.14"]
[SourceQuality "1"]

1. d4 Nf6 2. Bg5 d5 3. Bxf6 exf6 4. e3 c5 5. dxc5 Bxc5 6. c3 Nc6 7. Nd2 0-0 8. Nb3 Bb6 9. Nf3 Re8 10. Be2 Bf5 11. 0-0 Ne5 12. Nbd4 Be4 13. a4 a6 14. h3 Qc7 15. Nd2 Rad8 16. Nxe4 dxe4 17. Qb3 Bc5 18. Rfd1 Rd7 19. Rd2 g6 20. Rad1 f5 21. h4 Red8 22. g3 h5 23. Kg2 Bf8 24. Qa2 Bg7 25. Qb1 Bh6 26. Nb3 Rxd2 27. Rxd2 Rxd2 28. Nxd2 Qd7 29. Qd1 Nd3 30. Nc4 Qc6 31. Qb3 Nc1 32. Qd1 Nxe2 33. Qxe2 Qxa4 34. Nd6 Qc6 35. Qd1 Bf8 36. Nxf5 gxf5 37. Qd8 Qd6 38. Qg5+ Qg6 39. Qd8 b5 40. Qa8 Qd6 41. Qc8 Qe6 42. Qa8 Kg7 43. Qa7 Be7 44. Qd4+ Bf6 45. Qc5 Qe5 46. Qc6 Qe6 47. Qc5 Be5 48. Qa7 Qd6 49. Qa8 Bf6 50. Qc8 Kg6 51. Qg8+ Bg7 52. Qc8 Qd2 53. Qxa6+ Bf6 54. Qxb5 Qd1 55. Qb8 Qf3+ 56. Kg1 Qd1+ 57. Kg2 Qf3+ 58. Kg1 Qd1+ 59. Kh2 Qd2 60. Kg2 Qe2 61. b4 Qf3+ 62. Kg1 Qd1+ 63. Kh2 Qf1 64. Qf4 Bxc3 65. b5 Qxb5 66. Qg5+ Kh7 67. Qxh5+ Kg8 68. Qg5+ Bg7 69. h5 Kf8 70. h6 Bh8 71. Qd8+ Qe8 72. Qd6+ Kg8 73. Qf4 Kh7 74. Qxf5+ Kg8 75. Qg5+ Kh7 76. Kg2 Qe6 77. Qh5 Qg6 78. Qh4 Bf6 79. Qf4 Bg5 80. Qc7 Bxh6 81. Qe5 Bg7 82. Qf4 Qf6 83. Qg4 Bh6 84. Qxe4+ Kg7 85. Qg4+ Qg6 86. Qf3 Qf6 87. Qe2 Qf5 88. f4 Qd5+ 89. e4 Qd4 90. e5 Qd5+ 91. Kh2 Qe6 92. Qh5 Kh7 93. Qf3 Qf5 94. Kg2 f6 95. exf6 Qxf6 96. Qe4+ Qg6 97. Qe7+ Qg7 98. Qxg7+ Kxg7 99. Kf3 Kg6 100. Kg4 Bg7 101. Kf3 Bf6 102. Ke4 Bd8 103. g4 Kf6 104. g5+ Kg6 105. Kf3 Bc7 106. Kg4 Bd8 107. f5+ Kg7 108. Kf4 Bc7+ 109. Ke4 Bd8 110. f6+ Bxf6 111. gxf6+ Kxf6 1/2-1/2

[Event "Titled Tuesday intern op 10th Sep Early"]
[Site "Chess,com INT"]
[Date "2024.09.10"]
[Round "7"]
[White "Dowgird, Filip"]
[Black "Turzo, Attila"]
[Result "1-0"]
[WhiteElo "2348"]
[BlackElo "2278"]
[PlyCount "81"]
[EventDate "2024.09.10"]
[EventType "swiss (blitz)"]
[EventRounds "11"]
[EventCountry "USA"]
[SourceTitle "EXT 2025"]
[Source "ChessBase"]
[SourceDate "2024.10.14"]
[SourceVersion "1"]
[SourceVersionDate "2024.10.14"]
[SourceQuality "1"]

1. d4 d5 2. Bf4 c6 3. e3 Qb6 4. b3 Bf5 5. Bd3 Bg6 6. Nf3 e6 7. 0-0 Nf6 8. c4 c5 9. Nc3 cxd4 10. exd4 Qd8 11. Nb5 Na6 12. c5 Be7 13. Nd6+ Bxd6 14. Bxd6 Bxd3 15. Qxd3 Nc7 16. Ne5 Nd7 17. Qg3 Nb5 18. Qxg7 Qf6 19. Qg3 Nxd4 20. Rae1 Nf5 21. Qd3 Nxd6 22. Nxd7 Kxd7 23. cxd6 Kxd6 24. Qb5 b6 25. Qb4+ Kd7 26. f4 Rhc8 27. f5 e5 28. Qa4+ Kd6 29. Qa3+ Rc5 30. b4 Rc4 31. Rc1 Rxc1 32. Rxc1 Qxf5 33. b5+ Kd7 34. Qc3 Rd8 35. Qc7+ Ke8 36. Rf1 Qe6 37. Qxa7 Rd7 38. Qa8+ Rd8 39. Qa4 Kf8 40. Qh4 Qd6 41. a4 1-0

[Event "Titled Tuesday intern op 10th Sep Early"]
[Site "Chess,com INT"]
[Date "2024.09.10"]
[Round "5"]
[White "Salinas Herrera, Pablo Patricio"]
[Black "Dowgird, Filip"]
[Result "1-0"]
[WhiteElo "2479"]
[BlackElo "2348"]
[PlyCount "103"]
[EventDate "2024.09.10"]
[EventType "swiss (blitz)"]
[EventRounds "11"]
[EventCountry "USA"]
[SourceTitle "EXT 2025"]
[Source "ChessBase"]
[SourceDate "2024.10.14"]
[SourceVersion "1"]
[SourceVersionDate "2024.10.14"]
[SourceQuality "1"]

1. d4 Nf6 2. Nf3 e6 3. Bf4 Nc6 4. e3 h6 5. h3 d6 6. Nc3 Qe7 7. Bh2 Bd7 8. Qd2 g5 9. 0-0-0 Bg7 10. Kb1 0-0-0 11. e4 Rde8 12. Bc4 Kb8 13. Rhe1 g4 14. hxg4 Nxg4 15. Bg3 h5 16. Bh4 Qf8 17. Bb5 a6 18. Ba4 Bh6 19. Qe2 d5 20. Bg3 Qb4 21. a3 Qa5 22. Bb3 dxe4 23. Nxe4 Bc8 24. Nc5 Bg7 25. c3 b6 26. Nd3 Qb5 27. Qc2 Na5 28. Ba4 Qd5 29. Nb4 Qa8 30. Bxe8 Rxe8 31. d5 e5 32. Nh2 f5 33. Nxg4 hxg4 34. f3 f4 35. Bf2 gxf3 36. gxf3 Rf8 37. Ka2 Bf5 38. Qe2 b5 39. Rg1 Bf6 40. Rh1 Be7 41. Qxe5 Bxb4 42. cxb4 Nc4 43. Qe7 Rc8 44. Bc5 a5 45. Rh5 axb4 46. Bxb4 Bc2 47. Rc1 Qa4 48. Qf6 Qb3+ 49. Ka1 Nxb2 50. Qxb2 Qxb2+ 51. Kxb2 Bg6 52. Rg5 1-0

[Event "Titled Tuesday intern op 27th Aug Early"]
[Site "Chess.com INT"]
[Date "2024.08.27"]
[Round "3"]
[White "Dowgird, Filip"]
[Black "Gusev, Mikhail"]
[Result "1-0"]
[WhiteElo "2348"]
[BlackElo "2239"]
[PlyCount "131"]
[EventDate "2024.08.27"]
[EventType "swiss (blitz)"]
[EventRounds "11"]
[EventCountry "USA"]
[SourceTitle "EXT 2025"]
[Source "ChessBase"]
[SourceDate "2024.10.14"]
[SourceVersion "1"]
[SourceVersionDate "2024.10.14"]
[SourceQuality "1"]

1. e4 e6 2. d3 d5 3. Nd2 c5 4. Ngf3 Nc6 5. g3 Bd6 6. Bg2 Nge7 7. 0-0 0-0 8. Re1 f6 9. c3 b6 10. a3 a5 11. a4 Ba6 12. exd5 exd5 13. Nb3 Ne5 14. Nxe5 fxe5 15. Bg5 Bb7 16. Nd2 h6 17. Bxe7 Qxe7 18. Qb3 Qf7 19. Re2 Bc7 20. Rf1 Rae8 21. c4 Rd8 22. Qc2 dxc4 23. dxc4 Bxg2 24. Kxg2 Rd4 25. f3 Rfd8 26. b3 Qd7 27. Ne4 Rd1 28. Rxd1 Qxd1 29. Qxd1 Rxd1 30. Rd2 Rxd2+ 31. Nxd2 Kf7 32. Kf2 Ke6 33. Ke3 Bd8 34. Ke4 Bg5 35. Nb1 Bd8 36. Nc3 g6 37. Nd5 Kd6 38. Ne3 Bf6 39. Ng4 Bg7 40. h3 Ke6 41. Ne3 Bf6 42. Nd5 Bd8 43. g4 Kd6 44. Ne3 Bg5 45. Ng2 h5 46. gxh5 gxh5 47. Kf5 Bd2 48. Nh4 Bf4 49. Ng6 Bg3 50. Nh8 Ke7 51. Ng6+ Kd6 52. Nf8 Ke7 53. Ne6 Kd6 54. Ng7 h4 55. Ne8+ Ke7 56. Nc7 Kd6 57. Nd5 Be1 58. Nxb6 Kc6 59. Nd5 Kd6 60. Nf6 Bg3 61. Ne4+ Kc6 62. Ke6 Bf4 63. Nf6 Be3 64. Ng4 Bf4 65. Nxe5+ Bxe5 66. Kxe5 1-0

[Event "Titled Tuesday intern op 27th Aug Early"]
[Site "Chess.com INT"]
[Date "2024.08.27"]
[Round "2"]
[White "Medina Paz, Miguel"]
[Black "Dowgird, Filip"]
[Result "0-1"]
[WhiteElo "2368"]
[BlackElo "2348"]
[PlyCount "80"]
[EventDate "2024.08.27"]
[EventType "swiss (blitz)"]
[EventRounds "11"]
[EventCountry "USA"]
[SourceTitle "EXT 2025"]
[Source "ChessBase"]
[SourceDate "2024.10.14"]
[SourceVersion "1"]
[SourceVersionDate "2024.10.14"]
[SourceQuality "1"]

1. d4 d6 2. c4 e5 3. dxe5 dxe5 4. Qxd8+ Kxd8 5. Nc3 Bb4 6. Bd2 Be6 7. a3 Bxc3 8. Bxc3 f6 9. e3 a5 10. f4 exf4 11. exf4 Nh6 12. Nf3 Re8 13. 0-0-0+ Kc8 14. Bd3 Bf5 15. Rhe1 Rxe1 16. Bxf5+ Nxf5 17. Rxe1 h5 18. Re8+ Kd7 19. Rh8 Ne3 20. b3 Nxg2 21. Bd2 h4 22. Kd1 a4 23. b4 Ke6 24. Nd4+ Kf7 25. f5 Nc6 26. Rxa8 Nxd4 27. Rd8 Nxf5 28. Rd7+ Ke6 29. Rxc7 g5 30. Rxb7 g4 31. Ke2 Nd6 32. Rb6 Kd7 33. Rxd6+ Kxd6 34. Kf2 h3 35. b5 Kc5 36. Bb4+ Kb6 37. Bd2 f5 38. Be3+ Nxe3 39. Kxe3 g3 40. c5+ Kxc5 0-1

[Event "Titled Tuesday intern op 20th Aug Early"]
[Site "Chess.com INT"]
[Date "2024.08.20"]
[Round "3"]
[White "Dowgird, Filip"]
[Black "Moiseenko, Alexander"]
[Result "0-1"]
[WhiteElo "2348"]
[BlackElo "2562"]
[PlyCount "64"]
[EventDate "2024.08.20"]
[EventType "swiss (blitz)"]
[EventRounds "11"]
[EventCountry "USA"]
[SourceTitle "EXT 2025"]
[Source "ChessBase"]
[SourceDate "2024.10.14"]
[SourceVersion "1"]
[SourceVersionDate "2024.10.14"]
[SourceQuality "1"]

1. d4 Nf6 2. Bg5 d5 3. Bxf6 exf6 4. e3 c6 5. Bd3 f5 6. Qf3 g6 7. Nc3 Nd7 8. g4 fxg4 9. Qxg4 Ne5 10. Qe2 Nxd3+ 11. cxd3 Bg7 12. 0-0-0 0-0 13. h4 h5 14. Nh3 Bg4 15. f3 Bxh3 16. Rxh3 Rc8 17. Kb1 c5 18. dxc5 Bxc3 19. bxc3 Rxc5 20. Rc1 Qa5 21. c4 dxc4 22. dxc4 Rfc8 23. Rhh1 Qb4+ 24. Qb2 Rxc4 25. Rxc4 Rxc4 26. e4 Qc5 27. Rd1 Qe7 28. a3 Kh7 29. Rc1 Rxc1+ 30. Kxc1 Qxh4 31. Qxb7 Qf4+ 32. Kc2 h4 0-1

[Event "Titled Tuesday intern op 20th Aug Early"]
[Site "Chess.com INT"]
[Date "2024.08.20"]
[Round "1"]
[White "Palmer, Reegan"]
[Black "Dowgird, Filip"]
[Result "0-1"]
[WhiteElo "1959"]
[BlackElo "2348"]
[PlyCount "73"]
[EventDate "2024.08.20"]
[EventType "swiss (blitz)"]
[EventRounds "11"]
[EventCountry "USA"]
[SourceTitle "EXT 2025"]
[Source "ChessBase"]
[SourceDate "2024.10.14"]
[SourceVersion "1"]
[SourceVersionDate "2024.10.14"]
[SourceQuality "1"]

1. e4 d6 2. c4 Nf6 3. Nc3 e5 4. g3 Be7 5. Bg2 0-0 6. Nge2 c6 7. d3 a6 8. 0-0 b5 9. f4 Qb6+ 10. Kh1 Ng4 11. Qe1 Nd7 12. f5 Ne3 13. Bxe3 Qxe3 14. Rf3 Qb6 15. Qd2 bxc4 16. dxc4 Nc5 17. Raf1 f6 18. g4 Rb8 19. b3 a5 20. Rb1 Ba6 21. Rh3 Qb4 22. Qe1 a4 23. Qh4 h6 24. Nd1 axb3 25. axb3 Bxc4 26. Ng3 Qe1+ 27. Nf1 Qxh4 28. Rxh4 Rxb3 29. Rxb3 Nxb3 30. Nfe3 Bf7 31. Rh3 Nd4 32. Nc3 Ra8 33. Bf1 Ra3 34. Ned1 d5 35. Nxd5 cxd5 36. Rxa3 Bxa3 37. exd5 0-1